Cosmic's OCs - Statistics

General Stats
  • This quiz has been taken 11 times
    3 since last reset
  • The average score is 17 of 113
Answer Stats
Answer % Correct
Amy
67%
Amy's Father
67%
Amy's Mother
67%
Axel-otl
67%
Cosmic
67%
Kat / Katlyn
67%
Kat's Father
67%
Kat's Mother
67%
Alexander Pendleton
33%
Angel / Mrs. Davis
33%
Aoki Murakami
33%
Asher Hawkson
33%
Aubrey
33%
Avery Montague
33%
Blåhaj-Chan
33%
Caleb Lockwood
33%
Cameron Bangalter / DJ CAM
33%
Caspia
33%
Caspia Lockerbie
33%
Coco Jolicoeur
33%
Crimson Cassidy
33%
Fern Auburn
33%
Gilded Priest
33%
Hunter
33%
Ivory Canterbury
33%
Izzie Hamilton
33%
Jake Baxter
33%
Jellybean
33%
Lord Dominus
33%
Marina Hillenberg
33%
Melody Baxter
33%
Mr. Money
33%
Noir
33%
Orville Earhart
33%
Pearl Templier
33%
Sakurai
33%
Seven
33%
Shadow Spirit
33%
Sirius
33%
S / Stagename: S
33%
Taro Asano
33%
The Dreamweaver
33%
The Gamemaster
33%
Wallace Campbell
33%
3D3N / Eden
0%
Andromeda
0%
Archer
0%
Blossom
0%
Bubbles
0%
Calavero
0%
Calculate
0%
Charlie
0%
Crashbot
0%
Cypher
0%
DJ Soundstorm
0%
Doug
0%
DrillGear
0%
Dr. Sparks
0%
Eilidh Haddock
0%
Emerald
0%
Emoki
0%
Emperor Aviate
0%
Fairy Queen
0%
Francis
0%
Gale
0%
Grizz
0%
Hannah Lockwood
0%
Hazel
0%
Heart
0%
Hex
0%
Hiroshi
0%
Hugo
0%
Ivy
0%
Jack-O
0%
Jingles
0%
Jubilee
0%
KAME-3
0%
Kelly / Umbria / The Executioner
0%
King Clover
0%
Leon
0%
Luna
0%
Luxia Saturn
0%
Mae
0%
Magma
0%
Morticia Francis
0%
Mr. Baxter
0%
Mrs. Baxter
0%
Mycelia
0%
Patches
0%
Prism Core
0%
Punchy
0%
Rascal
0%
Razor
0%
Riley
0%
Ruby
0%
Sapphire
0%
Scramble
0%
Scratch
0%
Skye
0%
Snooze / Dawn
0%
Sophia
0%
Sporeborne
0%
Sunny
0%
Susmate
0%
The Illusionist
0%
Theodore Mercator
0%
The Overseer
0%
The Shapeshifter
0%
The Stargazer
0%
The Timekeeper
0%
The Trickster
0%
Vixie
0%
No matching quizzes found
Score Distribution
Percent of People with Each Score
Percentile by Number Answered
Your Score History
You have not taken this quiz since the last reset